|
|
|
|
| LEADER |
00000cam a2200000 7i4500 |
| 001 |
0000025995 |
| 005 |
20090406.0 |
| 008 |
090406 |
| 020 |
|
|
|a 034546421
|
| 090 |
0 |
0 |
|a 741.5973
|b DAV
|
| 100 |
1 |
|
|a Davis, Jim
|
| 245 |
1 |
0 |
|a Garfield :
|b older & winder
|c Jim Davis
|
| 260 |
|
|
|a New York :
|b Ballantine Publishers ,
|c 2005
|
| 500 |
|
|
|a His 41st book
|
| 650 |
|
0 |
|a Caricatures and cartoons
|z United States
|
| 650 |
|
0 |
|a Cats
|x comic books, strips, etc.
|
| 650 |
|
0 |
|a Garfield (comic strip)
|
| 650 |
|
0 |
|a Garfield (fictitions character)
|x comic books, strips, etc.
|
| 999 |
|
|
|a 0001041049
|b Book
|c Adult Collection
|e Perbadanan Perpustakaan Awam Johor
|
| 999 |
|
|
|a 0001041051
|b Book
|c Adult Collection
|e Perbadanan Perpustakaan Awam Johor
|
| 999 |
|
|
|a 0001041052
|b Book
|c Children Collection
|e Perbadanan Perpustakaan Awam Johor
|